| 000 | 005200000a22001690004500 | ||
|---|---|---|---|
| 090 |
_aAR _b03466 |
||
| 245 | 1 | 0 |
_aFaune dendrophile neotropicale II. _srevue des Taeniophorini et Ophthalmolampini (Orth. Romaleidae) |
| 650 | 1 | 4 |
_aEntomología _94483 |
| 650 | 1 | 4 |
_aMorfología _992917 |
| 650 | 1 | 4 |
_aAnatomía _995070 |
| 650 | 1 | 4 |
_aEvolución _992797 |
| 653 | _fRomaleidae | ||
| 041 | 0 | _aFrancés | |
| 100 | 1 |
_aDescamps, Marius _996618 |
|
| 942 | _cARTICULO | ||
| 773 | 1 |
_tBull. Mus. naln. Hist. nat. Paris _h517 _q371-476 _d1978 |
|
| 999 |
_c12517 _d12517 |
||